000
00327nam a2200133Ia 4500
008
191201s2010 xx 000 0 und d
100
_a
BHAGAT, Chetan
245
0
_a
2 STATES: the Story of My Marriage
250
_a
imp
260
_a
New delhi
_b
Rupa and Co
_c
2010
300
_a
269
650
_a
General Books
942
_2
ddc
_c
BK
999
_c
4410
_d
4410